000 00373nam a2200145Ia 4500
008 230917s9999||||xx |||||||||||||| ||und||
040 _e134351
_aMAIN
041 _aEnglish
082 _a005.133 B181O
100 _aBalagurusamy, E
245 0 _aObject-oriented programming with C++
260 _aNew Delhi
_bTata McGraw-Hill
_c2001
300 _axiv, 533 p.
942 _cBK
999 _c92925
_d92925